000 00569nam a2200193 a 4500
005 20250218063824.0
008 040302s2000 mx r 000 0 spa d
020 _a9582005378
035 _aUPN01000132330
049 _aCG
050 4 _aGV943
_bG8.6
100 1 _aGuimaraes Rodríguez, Toninho
_935044
245 1 0 _aPrincipios básicos de la fundamentación en el fútbol /
_cToninho Guimaraes.
260 _aSanta Fé de Bogotá :
_bMagisterio,
_c2000.
300 _a180 p. :
_bil.
440 0 _aAula alegre
650 2 _aFutbol (Soccer)
_917143
905 _aLibro
999 _c104485
_d104485